000 00567nam a22001937a 4500
003 OSt
005 20251121083532.0
008 251121b |||||||| |||| 00| 0 eng d
020 _a971-08-4562-4
040 _aDWC-Main lib.
_cOC
082 _aFil. 512 C224a 1989
100 _aCapitulo, Florante M.
245 _aAlgebra :
_ba simplified approach/
_cFlorante M. Capitulo
260 _aManila :
_bNational Book Store,
_cc1989.
300 _a516 pages ;
_c26 cm.
504 _aIncludes bibliography.
650 _a1. Algebra.
942 _2ddc
_cBK - FIL
_hFil.
_n0
999 _c5933
_d5933